000 01477nem0a2200313 4500
001 RU\NLR\BIBL_A\011981275
005 20250626162804.0
010 _a978-5-98008-157-7
_d3 000 экз.
021 _aRU
_bКА-П-19-000007
035 _a(NLR Aleph) 011981275
090 _a11309159
_c11309159
100 _a20190404d2018 |||y0rusy50 ca
101 0 _arus
102 _aRU
120 _abyy xx||
123 3 _aa
_b6000000
_b10000000
200 1 _aКамчатский край.
_bКарты
_eАтлас. Люби и знай свой край
_fCост. и подгот к изд. ФГУП "Дальневосточное аэрогеодезическое предприятие" в 1995 г.
_gРед.: М. М. Свидерский
205 _a4-е изд., обнов, испр. и доп. в 2012, 2015 и в 2018 гг.
206 _aМ-бы разные
210 _aХабаровск
_cДальневосточное аэрогеодезическое предприятие
_d2018
215 _a1 атл. (31 с.)
_cцв., текст, указ., ил.
_d22 х 29 см
509 0 1 _7ca
_aКамчатский
_hкрай
_92634262
_3RU\NLR\auth_crt\551090
607 _aКамчатский край
_jАтласы
_92581161
_3RU\NLR\AUTH\661525876
608 _aАтласы комплексные
_91033366
_3RU\NLR\AUTH\6678978
702 1 _aСвидерский
_bМ. М.
_4340
852 _aNLR
_bК
_j4-ДВ 6/631
_m19-7
942 _cMAP
980 _aNB